Statistics for Countries consuming the most goat meat in 2015

Click here to take the quiz!

General Stats

  • This quiz has been taken 17 times
  • The average score is 7 of 10

Answer Stats

HintAnswer% Correct
512.8india
100%
2,264.70china
94%
303.6pakistan
94%
139.2iran
81%
73.9indonesia
75%
84.2turkey
69%
299.8nigeria
63%
155.9sudan
63%
75.6mongolia
56%
84.6mali
38%

Score Distribution

Percentile by Number Answered

Percent of People with Each Score

Your Score History

You have not taken this quiz